000 01012nam a2200277 a 4500
001 000023808
003 DO-SdBNP
005 20220407135126.0
008 110113s2001 mx a r 000 | spa d
020 _a970187420x
040 _aDO-SdBNP
_bspa
_cBNPHU
049 _aBNGR
082 _a615.532
_bH148ó
100 1 _aHahnemann, Samuel
_949007
245 1 3 _aEl organón de la medicina /
_cSamuel Hahnemann; revisado con la colaboración de Fernando François Flores; prólogo de David Flores Toledo; introducción de James Krauss.
250 _a2da. ed., corr. y aum. y con nuevas ilustraciones
260 _aMéxico, D.F. :
_bInstituto Politécnico Nacional,
_c2001.
300 _a506 p. :
_bil. ;
_c23 cm.
500 _aComentado por David Flores Toledo
500 _aIncluye notas al pie de página
650 4 _aHomeopatía
_949008
700 1 _aFrançois Flores, Fernando
_949009
700 1 _aFlores Toledo, David
_epról.
_949010
700 1 _aKrauss, James
_eintrod.
_949011
942 _2ddc
_cLBS1
999 _c23304
_d23304